000 00559nam a2200193Ia 4500
005 20250507130227.0
008 008 250505s9999 xx 000 0 eng d
037 _aSeries Article
040 _aEASL
_beng
_cEASL
041 _aeng
_2eng
084 _qEASL
100 _aMccann Gerard
245 0 _aSikh and the city:Sikh history and diasporic practice in Singapore
260 _aUK
_bCambridge Cambridge University Press UK
_c2011
300 _a1465-1498
650 _aModern Asian Studies
942 _cSRA
999 _c1318423
_d1318423